Tilastot visalle Kanadan provinssit ja territoriot

Klikkaa tästä pelataksesi tätä visaa!

Yleistilastot

  • Tätä visaa on pelattu 619 kertaa
  • Keskiarvotulos 7 / 13

Vastaukset kartalla

Vastauksille on annettu kartalla punavihreä väri sen mukaan, kuinka moni on saanut sen oikein.
 

Vastaustilastot

Provinssi tai territorio% Oikein
Quebec
84%
Ontario
77%
Alberta
72%
Newfoundland ja Labrador
60%
Brittiläinen Kolumbia
59%
Yukon
58%
Nunavut
55%
Manitoba
53%
Nova Scotia
53%
Prinssi Edwardin saari
47%
Saskatchewan
47%
Luoteisterritoriot
44%
New Brunswick
36%

Tulosjakauma

Persentiili vastausten määrän mukaan

Jokaisen tuloksen saaneiden osuus

Tuloshistoriasi

Et ole pelannut tätä visaa